San Antonio Spurs Quiz - Statistics

General Stats
  • This quiz has been taken 10 times
  • The average score is 6 of 7
Answer Stats
Question Answer % Correct
what two other teams are in Texas Rockets, Mavericks
100%
what player was nicknamed the Admiral David Robinson
89%
what spurs player was nicknamed ice man George Gervin
89%
what year did the spurs win their first championship 1999
78%
when was the spurs last championship 2014
78%
what spurs player won the 2015 and 2016 defensive player of the year Kahwi Leonard
67%
what player heat players hit the three pointer that won the game for the heat in the 2013 NBA finals the heat later beat the spurs in game 7 because of that shot Ray Allen
56%
No matching quizzes found
Score Distribution
Percent of People with Each Score
Percentile by Number Answered
Your Score History
You have not taken this quiz